00426nam a2200181Ia 4500008004100000020001800041050001400059100002000073245003200093245002000125260001500145260001600160260000900176300001400185300002700199300001000226500000800236170918s9999 xx 000 0 und d a9780590925693 bR234 1995 aRathmann, Peggy aOfficer Buckle and Gloria / cPeggy Rathmann. aNew York : bScholastic, c1995 aunpaged : bcolored illustration ; c28cm. a510